000 01533nab a22002537a 4500
999 _c6338
_d6338
003 OSt
005 20260130213932.0
008 190603e xxum|||| |||| 00| 0 spa d
040 _cPJ
100 _9989
_aMazzinghi, Jorge A.
245 1 3 _aLa salud mental y el discernimiento para contraer matrimonio :
_boposición de los hijos al casamiento de su madre de avanzada edad /
_cJorge A. M. Mazzinghi.
260 _cCiudad Autónoma de Buenos Aires :
_aThomson Reuters La Ley,
_b2025.
300 _ap. 164-176
500 _aCita: TR LALEY AR/DOC/2248/2025 Publicado en: RCCyC 2025 (Octubre).
505 _aSumario: I. Introducción.— II. Los antecedentes del caso y las alternativas procesales.— III. Una curiosa duda acerca de la celebración del matrimonio.— IV. Razones para oponerse a la celebración del matrimonio.— V. Una respuesta más favorable a resguardar el derecho a casarse.— VI. El núcleo de lo que debe resolverse cuando se trata del impedimento de falta de salud mental.
505 _aFallo comentado: ST Entre Ríos, sala II civil y com. ~ 01/07/2025 ~ C. O. E. y otra s/ incidentes (familia).
505 _t¿Te interesa el texto completo? Solicitalo al correo: koha@justierradelfuego.gov.ar
650 0 _9967
_aDERECHO DE FAMILIA
650 0 _9962
_aMATRIMONIO
650 0 _91272
_aSALUD MENTAL
650 0 _aDISCERNIMIENTO
773 0 _02713
_93170
_dCiudad Autónoma de Buenos Aires : Thomson Reuters La Ley, 2015-
_tRevista Código Civil y Comercial. Nº 5 - Octubre 2025
942 _2udc
_cANA